000 00902nam a2200265Ia 4500
003 OSt
005 20221005110949.0
006 a|||||r|||| 00| 0
007 ta
008 221004b |||||||| |||| 00| 0 hin d
020 _a8171197515 (hbk)
_c125
024 _a19697
037 _bBR8398, 21/03/2015, Rajkamal Prakashan Pvt. Ltd.
_cTextual
040 _aCRL
_cCRL
_bhin
041 _2hin
_ahin
082 _aO152,1N573x, P2
100 _aकुमार अंबुज
245 0 _aअतिक्रमण
246 _aAtikramaṇa
260 _aनई दिल्ली
_bराधाकृष्ण भारत
_c2002
300 _a123पृ0
_ccm.
650 _aहिन्दी साहित्य
942 _hO152,1N573x, P2
_cTEXL
_2cc
999 _c1020397
_d1020397